[Event "Online Olym Top DivD 2021"]
[Site "chess.com INT"]
[Date "2021.09.08"]
[Round "1.1"]
[Board "1"]
[White "Ozen, Deniz"]
[Black "Gallego Alcaraz, Andres Felipe"]
[Result "1-0"]
[WhiteTitle "IM"]
[BlackTitle "GM"]
[WhiteElo "2397"]
[BlackElo "2512"]
[WhiteTeam "Turkey"]
[BlackTeam "Colombia"]
[WhiteFideId "6349196"]
[BlackFideId "4402669"]
[EventDate "2021.09.08"]
[EventType "team"]

1. d4 Nf6 2. Bf4 d6 3. Nc3 Nbd7 4. Nf3 c6 5. e4 Qb6 6. a3 e5 7. Bg3 Nh5 8. Bc4
Nxg3 9. hxg3 exd4 10. Nxd4 Ne5 11. Bb3 Be7 12. Qd2 Bf6 13. O-O-O Bd7 14. f4 Ng4
15. e5 dxe5 16. Ndb5 O-O-O 17. Nd6+ Kb8 18. Nxf7 Nf2 19. Nxd8 Rxd8 20. Na4 Qd4
21. Qe2 Bg4 22. Rxd4 Bxe2 23. Rxd8+ Bxd8 24. Rxh7 Bf6 25. Nc5 Bg4 26. Be6 Bxe6
27. Nxe6 Ne4 28. Rh8+ 1-0

[Event "Online Olym Top DivD 2021"]
[Site "chess.com INT"]
[Date "2021.09.08"]
[Round "1.1"]
[Board "2"]
[White "Martinez Romero, Martin"]
[Black "Soysal, Serkan"]
[Result "1/2-1/2"]
[WhiteTitle "IM"]
[BlackTitle "IM"]
[WhiteElo "2409"]
[BlackElo "2389"]
[WhiteTeam "Colombia"]
[BlackTeam "Turkey"]
[WhiteFideId "4404025"]
[BlackFideId "6349250"]
[EventDate "2021.09.08"]
[EventType "team"]

1. c4 c6 2. d4 d5 3. Nc3 Nf6 4. e3 a6 5. cxd5 cxd5 6. Bd3 Nc6 7. Nge2 e5 8. dxe5
Nxe5 9. O-O Bc5 10. Nf4 d4 11. exd4 Bxd4 12. Qa4+ Qd7 13. Bb5 axb5 14. Qxa8 O-O
15. Nce2 Bb6 16. Qa3 Re8 17. Qb3 g5 18. Nh3 h6 19. Ng3 Nfg4 20. Kh1 Nd3 21. Be3
Bxe3 22. fxe3 Rxe3 23. Qc2 Qc6 24. Qxc6 bxc6 25. b3 b4 26. a4 bxa3 27. Rxa3 Be6
28. Ra4 Nc5 29. Rb4 Nxb3 30. Nf5 Bxf5 31. Rxf5 Re1+ 32. Ng1 Ne3 33. Rf2 Nc5 34.
Re2 Rxe2 35. Nxe2 Ne6 36. Kg1 c5 37. Rb8+ Kg7 38. h3 Kf6 39. Kf2 Nf5 40. Rh8 Kg7
41. Rc8 h5 42. Nc3 g4 43. hxg4 hxg4 44. Ne4 Kg6 45. Nxc5 Nxc5 46. Rxc5 Kg5 47.
Ra5 Kf4 48. Ra4+ Kg5 49. Ke2 f6 50. Kd3 Nh4 51. g3 Nf5 52. Ra5 Kg6 53. Ke4 Nxg3+
54. Kf4 Nh5+ 55. Kxg4 Ng7 56. Ra8 Ne6 57. Kf3 Kf5 58. Ra5+ Kg6 59. Ke4 Ng5+ 60.
Kf4 Ne6+ 61. Kg4 Ng7 62. Ra6 Nh5 63. Rb6 Ng7 64. Kf4 Nh5+ 65. Ke4 Ng7 66. Rb1
Kf7 67. Kd5 Kg6 68. Kd6 Kf7 69. Rf1 Ne8+ 70. Kd7 Ng7 71. Re1 Nf5 72. Rf1 Ng7 73.
Rxf6+ Kxf6 1/2-1/2

[Event "Online Olym Top DivD 2021"]
[Site "chess.com INT"]
[Date "2021.09.08"]
[Round "1.1"]
[Board "3"]
[White "Caglar, Sila"]
[Black "Franco Valencia, Angela"]
[Result "1-0"]
[WhiteTitle "WIM"]
[BlackTitle "WIM"]
[WhiteElo "2250"]
[BlackElo "2089"]
[WhiteTeam "Turkey"]
[BlackTeam "Colombia"]
[WhiteFideId "6364063"]
[BlackFideId "4403070"]
[EventDate "2021.09.08"]
[EventType "team"]

1. e4 e5 2. Nf3 Nc6 3. Bc4 Bc5 4. O-O d6 5. c3 Nf6 6. d3 a6 7. Nbd2 Ba7 8. h3
Na5 9. Re1 Nxc4 10. Nxc4 h6 11. Be3 O-O 12. Bxa7 Rxa7 13. d4 exd4 14. Qxd4 Ra8
15. Rad1 Be6 16. Ne3 Re8 17. b3 a5 18. c4 Qc8 19. Qd3 Nh5 20. Nd4 Nf4 21. Qf1
Bd7 22. Nd5 Ne6 23. Nf5 Qd8 24. Qe2 Qg5 25. Qf3 Rac8 26. h4 Qd8 27. Qg3 Kh7 28.
Nf4 g6 29. Ne3 Nc5 30. f3 Qf6 31. Ned5 Qg7 32. h5 Ne6 33. hxg6+ fxg6 34. Ne2 Rf8
35. Kf2 Qe5 36. Qxe5 dxe5 37. Rh1 Be8 38. Ke3 Kg7 39. Nc1 Nf4 40. g3 Nxd5+ 41.
Rxd5 a4 42. Rxe5 axb3 43. axb3 Bf7 44. Nd3 Rfe8 45. Rxe8 Rxe8 46. Ra1 Re6 47.
Ra7 Rb6 48. Nc5 Rc6 49. Nxb7 h5 50. Kd4 g5 51. Nc5 h4 52. gxh4 gxh4 53. Ra1 Rf6
54. Ke3 Rc6 55. Na4 h3 56. Rh1 Be6 57. f4 Bg4 58. Kf2 Rd6 59. Kg3 Bd7 60. Nc5
Bc8 61. f5 Rc6 62. Nd3 Rb6 63. Rxh3 Rxb3 64. Kg4 Bb7 65. Nc5 Rxh3 66. Kxh3 Bc6
67. Kg4 Kf6 68. Kf4 Be8 69. Ne6 c6 70. Ng5 Bh5 71. e5+ Ke7 72. f6+ Kd7 73. c5
Bg6 74. e6+ Kd8 75. Ke5 Bh5 76. f7 Ke7 77. Nh7 Bxf7 78. exf7 Kxf7 79. Kd6 Kg7
80. Ng5 Kf6 81. Ne4+ Kf5 82. Nc3 Kf4 83. Kxc6 1-0

[Event "Online Olym Top DivD 2021"]
[Site "chess.com INT"]
[Date "2021.09.08"]
[Round "1.1"]
[Board "4"]
[White "Chirivi C, Jenny Astrid"]
[Black "Kocyigit, Buse Naz"]
[Result "1-0"]
[WhiteTitle "WIM"]
[BlackTitle "WFM"]
[WhiteElo "2124"]
[BlackElo "2034"]
[WhiteTeam "Colombia"]
[BlackTeam "Turkey"]
[WhiteFideId "4403061"]
[BlackFideId "6380840"]
[EventDate "2021.09.08"]
[EventType "team"]

1. d4 Nf6 2. c4 g6 3. Nc3 Bg7 4. e4 d6 5. f3 O-O 6. Be3 c5 7. d5 e6 8. Qd2 exd5
9. cxd5 a6 10. a4 Re8 11. Be2 Nbd7 12. Nh3 Ne5 13. Nf2 h5 14. O-O Rb8 15. h3 Qa5
16. f4 Ned7 17. Bd3 Qb4 18. a5 b5 19. Qc1 c4 20. Bc2 Nc5 21. Ra3 Nfd7 22. e5 Nd3
23. Nxd3 cxd3 24. Bxd3 dxe5 25. f5 e4 26. fxg6 fxg6 27. Bb1 Bb7 28. Kh1 Rbc8 29.
Qd2 Qc4 30. Rc1 Kh7 31. d6 Rf8 32. Ne2 Qe6 33. Nf4 Rxc1+ 34. Qxc1 Qxd6 35. Rc3
Ne5 36. Bc5 Qf6 37. Bxf8 Qxf8 38. Ne6 Qf2 39. Rc7 e3 40. Rxg7+ Kh6 41. Rxb7 Nf3
42. Rf7 Qd2 43. Qxd2 Nxd2 44. Bd3 1-0

[Event "Online Olym Top DivD 2021"]
[Site "chess.com INT"]
[Date "2021.09.08"]
[Round "1.1"]
[Board "5"]
[White "Celik, Hasan Huseyin"]
[Black "Avila Pavas, Santiago"]
[Result "0-1"]
[WhiteTitle "FM"]
[BlackTitle "IM"]
[WhiteElo "2370"]
[BlackElo "2395"]
[WhiteTeam "Turkey"]
[BlackTeam "Colombia"]
[WhiteFideId "44506759"]
[BlackFideId "4437128"]
[EventDate "2021.09.08"]
[EventType "team"]

1. e4 Nf6 2. e5 Nd5 3. c4 Nb6 4. d4 d6 5. f4 Bf5 6. Nc3 dxe5 7. fxe5 Nc6 8. Be3
e6 9. Nf3 Be7 10. Be2 O-O 11. O-O f6 12. exf6 Bxf6 13. Qd2 Qe8 14. Rad1 Rd8 15.
Qc1 Kh8 16. h3 Qg6 17. Kh1 Rf7 18. g4 Bc2 19. Rd2 Be4 20. Kg1 Bxf3 21. Bxf3 Bxd4
22. Bxd4 Nxd4 23. Be4 Rxf1+ 24. Qxf1 Qe8 25. Rf2 Nd7 26. Bb1 Ne5 27. Ne4 Kg8 28.
Ng5 h6 29. Ne4 Qe7 30. Ng3 Qc5 31. Kh2 Qxc4 32. Qg2 Ndf3+ 33. Kh1 Rd1+ 34. Rf1
Qc1 35. Be4 Rxf1+ 36. Qxf1 Qf4 37. Qf2 Qc1+ 38. Kg2 Nd2 39. Bxb7 c6 40. Bc8 Ndf3
41. Bxe6+ Kh8 42. Bf5 Nh4+ 43. Kh2 Nef3+ 0-1

[Event "Online Olym Top DivD 2021"]
[Site "chess.com INT"]
[Date "2021.09.08"]
[Round "1.2"]
[Board "2"]
[White "McShane, Luke J"]
[Black "Cruz, Cristhian"]
[Result "1-0"]
[WhiteTitle "GM"]
[BlackTitle "GM"]
[WhiteElo "2674"]
[BlackElo "2581"]
[WhiteTeam "England"]
[BlackTeam "Peru"]
[WhiteFideId "404853"]
[BlackFideId "3801969"]
[EventDate "2021.09.08"]
[EventType "team"]

1. e4 c5 2. Nf3 e6 3. g3 Nc6 4. Bg2 Nf6 5. Qe2 Be7 6. O-O d5 7. d3 b6 8. Bf4 Ba6
9. e5 Nd7 10. g4 Qc7 11. c4 dxc4 12. dxc4 Nf8 13. Nc3 Ng6 14. Bg3 O-O 15. Nb5
Bxb5 16. cxb5 Nb4 17. h4 Nd5 18. Qc4 Rfd8 19. h5 Nf8 20. Rfd1 Rd7 21. Rd3 Rad8
22. Rad1 Nb4 23. Rxd7 Rxd7 24. Rxd7 Qxd7 25. a3 Qd3 26. b3 Qd1+ 27. Qf1 Qxf1+
28. Bxf1 Nc2 29. Bd3 Nxa3 30. Bf4 Nd7 31. Bc1 c4 32. bxc4 Bb4 33. Kf1 h6 34. Ke2
Kf8 35. Bf4 Nc5 36. Nd4 Bc3 37. Nc6 Nd7 38. Bc1 1-0

[Event "Online Olym Top DivD 2021"]
[Site "chess.com INT"]
[Date "2021.09.08"]
[Round "1.2"]
[Board "3"]
[White "Cori T., Deysi"]
[Black "Head, Louise"]
[Result "1-0"]
[WhiteTitle "WGM"]
[BlackTitle "WFM"]
[WhiteElo "2382"]
[BlackElo "2090"]
[WhiteTeam "Peru"]
[BlackTeam "England"]
[WhiteFideId "3801934"]
[BlackFideId "424773"]
[EventDate "2021.09.08"]
[EventType "team"]

1. d4 d5 2. Nf3 Nf6 3. c4 dxc4 4. e3 e6 5. Bxc4 a6 6. O-O b5 7. Bd3 Bb7 8. a4 b4
9. Qe2 c5 10. Rd1 Nbd7 11. Nbd2 Be7 12. e4 cxd4 13. e5 Nd5 14. Nc4 h6 15. Nxd4
Nc5 16. Bb1 Qc7 17. Nd6+ Bxd6 18. exd6 Qxd6 19. Nf5 Qc6 20. Qe5 O-O-O 21. Bf4
Nd7 22. Qxd5 exf5 23. Qxc6+ Bxc6 24. Bxf5 Kb7 25. Bd6 Nb6 26. Bxb4 g6 27. Bc2
Rxd1+ 28. Bxd1 Rd8 29. a5 Nc4 30. Bc3 Nd6 31. Bb3 Ne4 32. Be1 f5 33. Rc1 Rd6 34.
f3 Nd2 35. Bf7 Bb5 36. Bg3 Rc6 37. Bd5 Nb3 38. Rxc6 Bxc6 39. Bxb3 1-0

[Event "Online Olym Top DivD 2021"]
[Site "chess.com INT"]
[Date "2021.09.08"]
[Round "1.2"]
[Board "4"]
[White "Varney, Zoe"]
[Black "Chumpitaz, Ann"]
[Result "0-1"]
[WhiteTitle "WCM"]
[BlackTitle "WIM"]
[WhiteElo "1917"]
[BlackElo "2244"]
[WhiteTeam "England"]
[BlackTeam "Peru"]
[WhiteFideId "436135"]
[BlackFideId "3804178"]
[EventDate "2021.09.08"]
[EventType "team"]

1. e4 c5 2. c3 e6 3. d4 cxd4 4. cxd4 d5 5. exd5 Qxd5 6. Nf3 Nf6 7. Bd3 Bd7 8.
O-O Bc6 9. Nc3 Qd8 10. Ne5 Qxd4 11. Nxf7 Qh4 12. Bg5 Qb4 13. Nxh8 Nbd7 14. Qe2
O-O-O 15. Nf7 Re8 16. Rac1 Kb8 17. Ne5 Nxe5 18. Qxe5+ Bd6 19. Qe2 Qb6 20. Bxf6
gxf6 21. Be4 Bd7 22. Rfd1 Bc8 23. Qe3 Bc5 24. Qf4+ e5 25. Qd2 Bd4 26. Nd5 Qd6
27. Qc2 f5 28. Qc7+ Qxc7 29. Nxc7 Re7 30. Nd5 Rg7 31. Bd3 Bxb2 32. Rc2 Bd4 33.
Rdc1 Be6 34. Ne3 e4 35. Bc4 Bc8 36. Bd5 Bd7 37. Rc4 Be5 38. Rb1 b6 39. Rbc1 a5
40. Bc6 Be6 41. R4c2 Ka7 42. Bd5 Bd7 43. Nc4 Bd4 44. Na3 Be5 45. Bc6 Bc8 46.
Nb5+ Kb8 47. Bd5 Ba6 48. Rc6 Rb7 49. Nd6 Rd7 50. Nf7 Bc7 51. Rxc7 Rxc7 52. Rxc7
Kxc7 53. Ng5 Kd6 54. Bb3 Ke5 55. f3 Bd3 56. fxe4 fxe4 57. Kf2 b5 58. Ke3 a4 59.
Bd1 h6 60. Nh3 Kd5 61. Nf2 Bb1 62. a3 Kc4 63. Nxe4 Bxe4 64. Kxe4 Kc3 65. g4 b4
66. h4 bxa3 67. g5 hxg5 68. hxg5 a2 69. g6 a1=Q 70. g7 Qa2 71. Kf5 Qf7+ 0-1

[Event "Online Olym Top DivD 2021"]
[Site "chess.com INT"]
[Date "2021.09.08"]
[Round "1.2"]
[Board "5"]
[White "Quirhuayo Chumbe, German Gonzalo"]
[Black "Derakhshani, Borna"]
[Result "1/2-1/2"]
[WhiteTitle "IM"]
[BlackTitle "FM"]
[WhiteElo "2296"]
[BlackElo "2353"]
[WhiteTeam "Peru"]
[BlackTeam "England"]
[WhiteFideId "3813509"]
[BlackFideId "12518450"]
[EventDate "2021.09.08"]
[EventType "team"]

1. e4 c6 2. Nc3 d5 3. Nf3 dxe4 4. Nxe4 Nf6 5. Qe2 Nxe4 6. Qxe4 Qa5 7. Bd3 Na6 8.
O-O Nb4 9. Re1 Nxd3 10. Qxd3 Qd5 11. Qe3 Bf5 12. d3 e6 13. b3 Bb4 14. Bd2 Bxd2
15. Qxd2 O-O 16. Re5 Qd6 17. Rae1 Rad8 18. a4 f6 19. R5e3 e5 20. Qa5 a6 21. Nd2
Qd4 22. Nf3 Qd5 23. Qb6 Rd7 24. Nd2 Qd4 25. Nc4 Qxb6 26. Nxb6 Rd4 27. f3 Rfd8
28. Kf2 Rb4 29. Nc4 b5 30. Na5 Rc8 31. c3 Rh4 32. g4 Bd7 33. Kg3 g5 34. d4 exd4
35. Re7 Rc7 36. cxd4 h5 37. h3 hxg4 38. hxg4 f5 39. R7e5 Kf7 40. Rc5 fxg4 41.
Rxg5 Rh3+ 42. Kf4 Rxf3+ 43. Ke5 Rf6 44. Rh1 Re6+ 45. Kf4 Rf6+ 46. Ke5 Re6+ 47.
Kf4 Rf6+ 48. Ke4 Re6+ 49. Kf4 1/2-1/2

[Event "Online Olym Top DivD 2021"]
[Site "chess.com INT"]
[Date "2021.09.08"]
[Round "1.2"]
[Board "6"]
[White "Kalaiyalahan, Akshaya"]
[Black "Caballero Quijano, Mitzy Mishell"]
[Result "1-0"]
[WhiteTitle "FM"]
[BlackTitle "WIM"]
[WhiteElo "2149"]
[BlackElo "1996"]
[WhiteTeam "England"]
[BlackTeam "Peru"]
[WhiteFideId "422894"]
[BlackFideId "3807223"]
[EventDate "2021.09.08"]
[EventType "team"]

1. Nf3 e6 2. g3 d5 3. Bg2 f5 4. O-O Nf6 5. d3 c6 6. Nbd2 Bd6 7. Re1 O-O 8. e4
fxe4 9. dxe4 Bc5 10. Qe2 Ng4 11. Rf1 b6 12. h3 Ba6 13. c4 Nf6 14. exd5 exd5 15.
Qe6+ Kh8 16. Ng5 Qd7 17. Qxd7 Nbxd7 18. Ne6 Rfc8 19. b3 Bd6 20. Bb2 Ne5 21. Bxe5
Bxe5 22. Rac1 Re8 23. Ng5 Kg8 24. Rfd1 h6 25. Ngf3 Bd6 26. Bf1 Rad8 27. cxd5
Bxf1 28. Kxf1 cxd5 29. Nd4 Bc5 30. N2f3 Ne4 31. Rc2 a5 32. Rdc1 Rd7 33. Re2 Rf7
34. Kg2 Ref8 35. Rf1 Rf6 36. Rc2 Kh7 37. Re2 g6 38. Rc2 g5 39. g4 Nd6 40. Re2
Ne4 41. Nf5 Kg6 42. N3d4 Rd8 43. f3 Nc3 44. Rc2 Bb4 45. a3 h5 46. axb4 axb4 47.
Re1 hxg4 48. hxg4 Kf7 49. Re7+ Kf8 50. Ne6+ Rxe6 51. Rxe6 d4 52. Rd6 Rxd6 53.
Nxd6 1-0

[Event "Online Olym Top DivD 2021"]
[Site "chess.com INT"]
[Date "2021.09.08"]
[Round "1.3"]
[Board "1"]
[White "Albornoz Cabrera, Carlos Daniel"]
[Black "Bok, Benjamin"]
[Result "0-1"]
[WhiteTitle "GM"]
[BlackTitle "GM"]
[WhiteElo "2567"]
[BlackElo "2619"]
[WhiteTeam "Cuba"]
[BlackTeam "Netherlands"]
[WhiteFideId "3518736"]
[BlackFideId "1017063"]
[EventDate "2021.09.08"]
[EventType "team"]

1. e4 c5 2. Nf3 d6 3. Bb5+ Nd7 4. O-O a6 5. Bd3 Ngf6 6. Re1 e6 7. c3 Be7 8. Bc2
b5 9. d4 Bb7 10. a4 cxd4 11. cxd4 O-O 12. Bd2 Qb6 13. a5 Qc7 14. Nc3 Rac8 15.
Bd3 e5 16. Qe2 exd4 17. Nxd4 Rfe8 18. Qe3 Bf8 19. Qg3 Nc5 20. Nf5 Bxe4 21. Nxe4
Nfxe4 22. Bxe4 Nxe4 23. Qd3 Nxd2 24. Qxd2 Rxe1+ 25. Rxe1 Qc2 26. Qg5 g6 27. Ne3
Qd2 28. Rf1 Qxb2 29. Nd5 Qe5 30. Nf6+ Kg7 31. Qg4 Rc4 32. Qc8 Rxc8 0-1

[Event "Online Olym Top DivD 2021"]
[Site "chess.com INT"]
[Date "2021.09.08"]
[Round "1.3"]
[Board "2"]
[White "Van den Doel, Erik"]
[Black "Quesada Perez, Yasser"]
[Result "1/2-1/2"]
[WhiteTitle "GM"]
[BlackTitle "GM"]
[WhiteElo "2599"]
[BlackElo "2568"]
[WhiteTeam "Netherlands"]
[BlackTeam "Cuba"]
[WhiteFideId "1003720"]
[BlackFideId "3509362"]
[EventDate "2021.09.08"]
[EventType "team"]

1. d4 d5 2. Nf3 Nf6 3. Bf4 e6 4. e3 Bd6 5. Bg3 O-O 6. Nbd2 b6 7. c3 c5 8. Ne5
Bb7 9. Bd3 Nc6 10. O-O Ne7 11. Bh4 Ne4 12. Nxe4 dxe4 13. Bc4 Qc7 14. Qg4 Nf5 15.
Bb3 Bxe5 16. dxe5 c4 17. Bc2 Nxh4 18. Qxh4 Qxe5 19. Rfd1 g5 20. Qh5 Rad8 21. h4
f6 22. Rd4 gxh4 23. Qxh4 Rxd4 24. exd4 Qd5 25. Re1 f5 26. Re3 Qd8 27. Rg3+ Kh8
28. Qf4 Bd5 29. b3 b5 30. b4 Qf6 31. a4 a6 32. a5 Rg8 33. Bd1 Rxg3 34. fxg3 Kg7
35. Bh5 Qe7 36. Kf2 h6 37. Qe5+ Kh7 38. Qf4 Kg7 39. Qe5+ Kh7 40. Qf4 Kg7 1/2-1/2

[Event "Online Olym Top DivD 2021"]
[Site "chess.com INT"]
[Date "2021.09.08"]
[Round "1.3"]
[Board "3"]
[White "Forgas Moreno, Yaniela"]
[Black "Peng, Zhaoqin"]
[Result "1/2-1/2"]
[WhiteTitle "WIM"]
[BlackTitle "GM"]
[WhiteElo "2310"]
[BlackElo "2359"]
[WhiteTeam "Cuba"]
[BlackTeam "Netherlands"]
[WhiteFideId "3508072"]
[BlackFideId "1004786"]
[EventDate "2021.09.08"]
[EventType "team"]

1. e4 c6 2. d4 d5 3. exd5 cxd5 4. c4 Nf6 5. Nc3 Nc6 6. Bg5 dxc4 7. d5 Na5 8.
Bxc4 Nxc4 9. Qa4+ Bd7 10. Qxc4 g6 11. Nf3 Bg7 12. O-O h6 13. Bh4 O-O 14. Rfe1
Re8 15. Ne5 g5 16. Bg3 Rc8 17. Qb3 Qb6 18. Qxb6 axb6 19. Rad1 Bf5 20. f3 Red8
21. Bf2 b5 22. Bb6 Rd6 23. Ba5 Nd7 24. Nxd7 Rxd7 25. Bb4 Bxc3 26. bxc3 Rcc7 27.
d6 exd6 28. Re8+ Kh7 29. Rd5 Be6 30. Rxb5 Bxa2 31. Ra5 Bc4 32. Raa8 f6 33. g4
Kg7 34. Kf2 Bf7 35. Re3 Rc6 36. Kg3 Ra6 37. Rxa6 bxa6 38. Rd3 d5 39. Rd1 Rc7 40.
Ra1 Rc6 41. Ra5 Be6 42. Bc5 Kf7 43. h4 Bd7 44. hxg5 hxg5 45. Kf2 Re6 46. Ra1 Bb5
47. Re1 a5 48. Rxe6 Kxe6 49. Ke3 a4 50. f4 Bc4 51. fxg5 fxg5 52. Ba3 Ke5 53. Bc5
Bb3 54. Be7 Ke6 55. Ba3 Bd1 56. Kd4 Bxg4 57. Bc1 Kf5 58. Kxd5 Bf3+ 59. Kc4 g4
60. Be3 g3 61. Kb4 Bc6 62. Ka3 Ke4 63. Bd4 Kd3 64. Ka2 g2 65. Ka1 Ke2 66. Bc5
Bd5 67. Bd4 a3 68. Kb1 Kd3 69. Ka1 Kc2 70. Bg1 Kxc3 71. Bc5 Kd3 72. Bg1 Ke2 73.
Bc5 Kf1 74. Bd4 g1=Q 75. Bxg1 Kxg1 76. Kb1 Kf1 77. Ka1 Ke2 78. Kb1 Kd3 79. Ka1
Kc3 80. Kb1 a2+ 81. Ka1 Kc2 1/2-1/2

[Event "Online Olym Top DivD 2021"]
[Site "chess.com INT"]
[Date "2021.09.08"]
[Round "1.3"]
[Board "4"]
[White "Ratsma, Rosa"]
[Black "Miranda Llanes, Yerisbel"]
[Result "0-1"]
[WhiteTitle "WIM"]
[BlackTitle "WIM"]
[WhiteElo "2306"]
[BlackElo "2259"]
[WhiteTeam "Netherlands"]
[BlackTeam "Cuba"]
[WhiteFideId "1033662"]
[BlackFideId "3507700"]
[EventDate "2021.09.08"]
[EventType "team"]

1. e4 e5 2. Nf3 Nc6 3. Bb5 a6 4. Ba4 Nf6 5. O-O b5 6. Bb3 Bc5 7. a4 Rb8 8. c3 d6
9. d4 Bb6 10. Be3 exd4 11. cxd4 O-O 12. Nc3 Bg4 13. axb5 axb5 14. Nxb5 Nxe4 15.
Bd5 Qe8 16. Qc2 Bxf3 17. Bxc6 Qe6 18. gxf3 Qg6+ 19. Bg5 Qxg5+ 20. Kh1 Nf6 21.
Rg1 Qf4 22. Rg3 Nh5 23. Rg4 Qf6 24. Rag1 g6 25. Qe4 Ng7 26. Nc3 Ne6 27. Bd5 Rfe8
28. Qd3 Nf4 29. Qc4 Nh3 30. Ne4 Qxf3+ 31. R4g2 Rxe4 32. Qf1 Rbe8 33. Bxe4 Rxe4
34. d5 Nxf2+ 0-1

[Event "Online Olym Top DivD 2021"]
[Site "chess.com INT"]
[Date "2021.09.08"]
[Round "1.3"]
[Board "5"]
[White "Alvarez Calzadilla, Jose Avelino"]
[Black "Kevlishvili, Robby"]
[Result "0-1"]
[WhiteTitle "FM"]
[BlackTitle "GM"]
[WhiteElo "2287"]
[BlackElo "2506"]
[WhiteTeam "Cuba"]
[BlackTeam "Netherlands"]
[WhiteFideId "3526151"]
[BlackFideId "1040634"]
[EventDate "2021.09.08"]
[EventType "team"]

1. e4 c5 2. Nf3 d6 3. d4 cxd4 4. Nxd4 Nf6 5. Nc3 a6 6. h4 e5 7. Nb3 Be7 8. Bg5
Be6 9. Bxf6 Bxf6 10. g3 Be7 11. Qd2 Nd7 12. O-O-O Nf6 13. f4 b5 14. Kb1 O-O 15.
f5 Bd7 16. g4 Bc6 17. Bg2 Nxg4 18. Bf3 Nf6 19. Rhg1 Kh8 20. Rg2 Rg8 21. Rdg1 b4
22. Nd5 Bxd5 23. exd5 a5 24. Qe3 a4 25. Nd2 Rc8 26. Ne4 Nxe4 27. Bxe4 Bf6 28.
Qa7 Qe8 29. Qb6 Rc4 30. Bd3 Rxh4 31. Qxd6 a3 32. Bb5 Qxb5 33. Qxf6 Rh1 34. Qg5
Rxg1+ 35. Rxg1 Qxd5 36. f6 g6 37. Qh6 Qe4 38. Rh1 g5 39. Rd1 g4 40. Qd2 g3 41.
Re1 Qd4 42. Qxd4 exd4 43. Rg1 g2 44. bxa3 bxa3 45. Kc1 h5 46. Kd2 h4 0-1

[Event "Online Olym Top DivD 2021"]
[Site "chess.com INT"]
[Date "2021.09.08"]
[Round "1.3"]
[Board "6"]
[White "Van Foreest, Machteld"]
[Black "Obregon Garcia, Roxangel"]
[Result "1-0"]
[BlackTitle "WIM"]
[WhiteElo "2132"]
[BlackElo "2167"]
[WhiteTeam "Netherlands"]
[BlackTeam "Cuba"]
[WhiteFideId "1051563"]
[BlackFideId "3520420"]
[EventDate "2021.09.08"]
[EventType "team"]

1. e4 c5 2. Nf3 d6 3. d4 cxd4 4. Qxd4 Nf6 5. Nc3 Nc6 6. Qd3 e6 7. Bg5 Be7 8.
O-O-O a6 9. h3 Qc7 10. Qe3 b5 11. Nd4 b4 12. Nce2 e5 13. Nf5 Bxf5 14. exf5 Qa5
15. Kb1 Rc8 16. Bxf6 gxf6 17. Nc1 h5 18. Nb3 Qc7 19. Qe4 a5 20. Bb5 Kf8 21. Bxc6
Qxc6 22. Qxc6 Rxc6 23. Nxa5 Rc5 24. Nb7 Rc6 25. Rd5 Rg8 26. Rg1 Rg5 27. Na5 Rc7
28. g4 hxg4 29. hxg4 Rg8 30. Rb5 Rc5 31. Rxc5 dxc5 32. Kc1 Ke8 33. f3 Rh8 34.
Kd2 Rh2+ 35. Kd3 Kd7 36. Nc4 Kc6 37. Rf1 Bf8 38. a4 bxa3 39. bxa3 Bh6 40. a4 Bf4
41. a5 Rh8 42. Rb1 Rd8+ 43. Kc3 Rh8 44. a6 e4 45. fxe4 Rh3+ 46. Kb2 Kb5 47. a7
Rh8 48. Kc3+ Ka6 49. Ra1+ Kb7 50. Kd3 Rh3+ 51. Ke2 Rh8 52. e5 fxe5 53. Nd6+ Ka8
54. Kf3 f6 55. Ke4 Rd8 56. Nb5 Rd7 57. Rh1 Rd8 58. Rh7 Bc1 59. Nc7+ Kxa7 60.
Ne6+ 1-0

[Event "Online Olym Top DivD 2021"]
[Site "chess.com INT"]
[Date "2021.09.08"]
[Round "1.4"]
[Board "2"]
[White "El Debs, Felipe de Cresce"]
[Black "Moranda, Wojciech"]
[Result "1-0"]
[WhiteTitle "GM"]
[BlackTitle "GM"]
[WhiteElo "2553"]
[BlackElo "2622"]
[WhiteTeam "Brazil"]
[BlackTeam "Poland"]
[WhiteFideId "2106981"]
[BlackFideId "1122401"]
[EventDate "2021.09.08"]
[EventType "team"]

1. d4 Nf6 2. c4 e6 3. g3 d5 4. Nf3 dxc4 5. Bg2 c5 6. O-O Nc6 7. dxc5 Qxd1 8.
Rxd1 Bxc5 9. Nbd2 c3 10. bxc3 O-O 11. Nb3 Be7 12. Nfd4 Bd7 13. Nxc6 Bxc6 14.
Bxc6 bxc6 15. Na5 Rfc8 16. Rb1 Nd5 17. Bd2 Kf8 18. c4 Nb6 19. Be3 Ke8 20. Rd3 e5
21. c5 Nd7 22. Rb7 Nf6 23. Nc4 e4 24. Ra3 Nd5 25. Nd6+ Bxd6 26. cxd6 Rd8 27. Bc5
Rd7 28. Rab3 Nb6 29. Rxd7 Kxd7 30. Ra3 Nc8 31. Ra4 f5 32. Rb4 Nb6 33. a4 Ke6 34.
Bxb6 axb6 35. Rxb6 Kxd6 36. Rb7 c5 37. Rxg7 c4 38. Kf1 c3 39. Ke1 Rxa4 40. Kd1
Ra2 41. Rxh7 Rd2+ 42. Ke1 Rd5 43. Rh8 Kc7 44. Ra8 Kb6 45. Rc8 1-0

[Event "Online Olym Top DivD 2021"]
[Site "chess.com INT"]
[Date "2021.09.08"]
[Round "1.4"]
[Board "3"]
[White "Zawadzka, Jolanta"]
[Black "Alboredo, Julia"]
[Result "0-1"]
[WhiteTitle "WGM"]
[BlackTitle "WFM"]
[WhiteElo "2407"]
[BlackElo "2183"]
[WhiteTeam "Poland"]
[BlackTeam "Brazil"]
[WhiteFideId "1122320"]
[BlackFideId "2124807"]
[EventDate "2021.09.08"]
[EventType "team"]

1. e4 c5 2. Nf3 Nc6 3. d4 cxd4 4. Nxd4 Nf6 5. Nc3 d6 6. Bg5 e6 7. Bb5 Bd7 8.
Bxc6 bxc6 9. Qf3 Rc8 10. O-O-O Be7 11. Nb3 c5 12. Bxf6 gxf6 13. Qg3 a5 14. f4 a4
15. Nd2 c4 16. a3 Qb6 17. f5 Qc5 18. Rhf1 Rb8 19. Rf3 Bc6 20. Qg7 Rf8 21. Qxh7
e5 22. Qh6 Kd7 23. Qe3 Qxe3 24. Rxe3 Rh8 25. h3 Bf8 26. Kb1 Bh6 27. Re2 Bxd2 28.
Rexd2 Ke7 29. Rxd6 Rbc8 30. R6d2 Rcg8 31. Re2 Rg3 32. Rdd2 Rb8 33. Kc1 Rbg8 34.
Kd1 Rb8 35. Kc1 Rbg8 36. Nd1 Rh8 37. Re3 Rxe3 38. Nxe3 Bxe4 39. Nxc4 Bxf5 40.
Nb6 Be4 41. Nxa4 Rg8 42. g4 Rh8 43. Nc3 Bc6 44. Rh2 Ke6 45. b4 f5 46. gxf5+ Kxf5
47. Kd2 Ke6 48. b5 Ba8 49. a4 f5 50. a5 e4 51. Ke3 Ke5 52. Ne2 Rh4 53. a6 f4+
54. Kf2 e3+ 55. Ke1 f3 56. Nc1 Ra4 57. Kd1 Ra1 58. Rh1 f2 59. Rf1 Bf3# 0-1